书目信息 |
| 题名: |
人与自然和谐相处的水环境治理理论与实践
|
|
| 作者: | 汪松年 主编 ;上海市水利学会 编 | |
| 分册: | ||
| 出版信息: | 北京 中国水利水电出版社 2005 |
|
| 页数: | 583页 | |
| 开本: | 26cm | |
| 丛书名: | ||
| 单 册: | ||
| 中图分类: | X143 | |
| 科图分类: | ||
| 主题词: | 水环境--环境治理--研究 , 水环境 , 环境治理 | |
| 电子资源: | ||
| ISBN: | 7-5084-3229-0 | |
| 000 | 01012nam0 2200277 450 | |
| 001 | 012015000071 | |
| 005 | 20150911082646.07 | |
| 010 | @a7-5084-3229-0@dCNY85.00 | |
| 100 | @a20050317d2005 emky0chiy50 ea | |
| 101 | 0 | @achi |
| 102 | @aCN@b110000 | |
| 105 | @aa z 000yy | |
| 106 | @ar | |
| 200 | 1 | @a人与自然和谐相处的水环境治理理论与实践@Aren yu zi ran he xie xiang chu de shui huan jing zhi li li lun yu shi jian@f汪松年主编@g上海市水利学会编 |
| 210 | @a北京@c中国水利水电出版社@d2005 | |
| 215 | @a583页@c图@d26cm | |
| 300 | @a第二届长三角科技论坛 | |
| 330 | @a本书围绕构建人与自然和谐相处的水环境问题,从水循环、水安全、水资源、水生态、水景观和水文化等六个方面阐述了构建和谐社会的水环境治理理论与实践。 | |
| 606 | 0 | @a水环境@x环境治理@x研究 |
| 606 | 0 | @a水环境 |
| 606 | 0 | @a环境治理 |
| 690 | @aX143@v5 | |
| 701 | 0 | @a汪松年@Awang song nian@c(水利学)@4主编 |
| 712 | 02 | @a上海市水利学会@Ashang hai shi shui li xue hui@4编 |
| 801 | 0 | @aCN@b碧洲教育@c20150716 |
| 905 | @a10447@f4@dX143@e207 | |
| 人与自然和谐相处的水环境治理理论与实践/汪松年主编/上海市水利学会编.-北京:中国水利水电出版社,2005 |
| 583页:图;26cm |
| 第二届长三角科技论坛 |
| ISBN 7-5084-3229-0:CNY85.00 |
| 本书围绕构建人与自然和谐相处的水环境问题,从水循环、水安全、水资源、水生态、水景观和水文化等六个方面阐述了构建和谐社会的水环境治理理论与实践。 |
| ● |
| 相关链接 |
|
|
|
|
正题名:人与自然和谐相处的水环境治理理论与实践
索取号:X143/207
 
预约/预借
| 序号 | 登录号 | 条形码 | 馆藏地/架位号 | 状态 | 备注 |
| 1 | 0870722 | 208707229 | 第二样本阅览室/ [索取号:X143/207] | 在馆 | |
| 2 | 0870723 | 208707238 | 密集书库-生命科学系/ [索取号:X143/207] | 在馆 | |
| 3 | 0870724 | 208707247 | 第三借阅区/ [索取号:X143/207] | 在馆 | |
| 4 | 0870725 | 208707256 | 第三借阅区/ [索取号:X143/207] | 在馆 |